Statistics for Kuwait vs oman

Click here to take the quiz!

General Stats

  • This quiz has been taken 42 times
  • The average score is 6 of 10

Answer Stats

QuestionAnswer% Correct
Capital of kuwaitKuwait city
95%
Currency of omanOmani rial
83%
Location of omanMiddle east
80%
area of oman309501
63%
Unemployment of kuwait2.3%
56%
Population of kuwait42 lakhs
41%
Time zone of kuwaitUtc+3
41%
Oman gdp per capita16000 usd
37%
Poverty of kuwait0.1%
37%
Literacy of oman94%
29%

Score Distribution

Percentile by Number Answered

Percent of People with Each Score

Your Score History

You have not taken this quiz